000 00937cam a22002892 4500
001 33624
003 BD-RjUL
005 20211209052033.0
008 140510t1976 nju b 001 0 eng d
020 _a0135724201
035 _a(BD-RjUL)33715
040 _aDLC
_cDLC
_dEQO
_dBD-RjUL
_beng
041 _aeng
082 0 4 _a301.1610973
_bSAM 1976
100 1 _aSandman, Peter M.
_9102069
245 1 0 _aMedia :
_ban introductory analysis of American mass communications /
_c[by] Peter M. Sandman, David M. Rubin [and] David B. Sachsman.
250 _a2nd ed.
260 _aEnglewood Cliffs, N.J. :
_bPrentice-Hall,
_c1976.
300 _aix, 483 p. ;
_c25 cm.
504 _aIncludes bibliographical reference and index.
650 0 _aMass media
_zUnited States.
_9102070
700 1 _aRubin, David M.,
_d1945-
_9102071
700 1 _aSachsman, David B.
_9102072
942 _2ddc
_cBK
999 _c33624
_d33624